| 000 | 00490nam a2200169Ia 4500 | ||
|---|---|---|---|
| 003 | GCL | ||
| 040 |
_aGCL / _cGCL |
||
| 082 | 0 | 4 |
_aREF _b011.31 _bP A |
| 100 | 1 | _aPERTSCH, WILHELM | |
| 245 | 1 | 0 |
_aDIE ORIENTALISCHEN HANDSCHRIFTEN DER HERZOGLICHEN BIBLIOTHEK ZU GOTHA / _cPERTSCH, WILHELM |
| 260 |
_a[S.N] : _bFRIEDR ANDR PERTHES ، _c1892 |
||
| 650 | 0 | 4 | _aMANUSCRIPTS |
| 650 | 0 | 4 | _aBIBLIOGRAPHIES |
| 650 | 0 | 4 | _aMANUSCRIPTS, ARABIC |
| 650 | 0 | 4 | _aARABIC MANUSCRIPTS -GERMAN |
| 942 |
_2ddc _cBK |
||
| 999 |
_c15549 _d15549 |
||